Online Catalogue and eLibrary

Kanthawa janagahanaya goleeya arbhudaya (Record no. 1624)

MARC details
000 -LEADER
fixed length control field 00449nam a2200157Ia 4500
005 - DATE AND TIME OF LATEST TRANSACTION
control field 20250519011741.0
008 - FIXED-LENGTH DATA ELEMENTS--GENERAL INFORMATION
fixed length control field 240331s9999 xx 000 0 und d
020 ## - INTERNATIONAL STANDARD BOOK NUMBER
ISBN 9555991413
082 ## - DDC Classification
Item Number - Author Mark BAN
Class No. 305
100 ## - MAIN ENTRY--PERSONAL NAME
Personal name Bandarage, A
245 #0 - TITLE STATEMENT
Title Kanthawa janagahanaya goleeya arbhudaya
260 ## - PUBLICATION, DISTRIBUTION, ETC.
Place of publication, distribution, etc. Ratmalana
Name of publisher, distributor, etc. Sarvodaya Vishva Lekha
Date of publication, distribution, etc. 2001
300 ## - PHYSICAL DESCRIPTION
Extent (e.g. Volumes, Pages etc.) 587 p .,
500 ## - GENERAL NOTE
General note A Sinhala Translation of Women - Population and Global Crisis
942 ## - Koha item type (Biblio)
Koha item type Books in Stacks (Lending)
Holdings
Lost status Damaged status Collection code Home library Current library Shelving location Date acquired Full call number Accession Number Item type
    Lending WERC Library WERC Library Social Science Cupboard 03/31/2024 305.4 BAN 6551 Books in Stacks (Lending)

© WERC Library